[Event "Torino op 53rd"]
[Site "Torino"]
[Date "2024.01.05"]
[Round "6"]
[White "Favitta, Amedeo"]
[Black "Lizzul, Coppe Mirko"]
[Result "1-0"]
[WhiteElo "2075"]
[BlackElo "2050"]
[PlyCount "67"]
[EventDate "2024.01.02"]
[EventType "swiss"]
[EventRounds "9"]
[EventCountry "ITA"]
[SourceTitle "CB02_2024"]
[SourceDate "2024.01.10"]
[SourceVersion "1"]
[SourceVersionDate "2024.01.10"]
[SourceQuality "1"]

1. e4 c5 2. Nf3 d6 3. d4 cxd4 4. Qxd4 Nc6 5. Qe3 Nf6 6. Be2 g6 7. 0-0 Bg7 8. Rd1 0-0 9. Nc3 Bd7 10. Nd5 Rc8 11. c3 Ng4 12. Qg5 Nge5 13. Nxe5 Bxe5 14. Qh4 e6 15. Qxd8 Rfxd8 16. Ne3 Be8 17. Nc4 b5 18. Nxe5 dxe5 19. Be3 Rxd1+ 20. Rxd1 a6 21. Rd6 Rd8 22. Rxd8 Nxd8 23. c4 Nb7 24. cxb5 axb5 25. f3 f6 26. Kf1 Kf7 27. Ke1 Ke7 28. Kd2 Kd6 29. Kc3 Nc5 30. Kb4 Na6+ 31. Ka5 Nb8 32. Bxb5 Bf7 33. Kb6 f5 34. Bc5# 1-0

[Event "Torino op 53rd"]
[Site "Torino"]
[Date "2024.01.03"]
[Round "3"]
[White "Nardelli, Marco"]
[Black "Favitta, Amedeo"]
[Result "0-1"]
[WhiteElo "2152"]
[BlackElo "2075"]
[PlyCount "70"]
[EventDate "2024.01.02"]
[EventType "swiss"]
[EventRounds "9"]
[EventCountry "ITA"]
[SourceTitle "CB02_2024"]
[SourceDate "2024.01.10"]
[SourceVersion "1"]
[SourceVersionDate "2024.01.10"]
[SourceQuality "1"]

1. e4 c6 2. d4 d5 3. Nc3 dxe4 4. Nxe4 Nf6 5. Nxf6+ exf6 6. c3 Bd6 7. Bd3 0-0 8. Qc2 Re8+ 9. Ne2 h5 10. Bd2 Nd7 11. 0-0-0 Nf8 12. Ng3 Be6 13. Kb1 b5 14. Ne4 Be7 15. Bc1 b4 16. c4 Qxd4 17. Be3 Qe5 18. f4 Qc7 19. h3 h4 20. Qf2 Bf5 21. Nxf6+ Bxf6 22. Bxf5 Ne6 23. Rd2 Qa5 24. Bc2 c5 25. Rd5 Qa6 26. Bb3 Rac8 27. Rhd1 Nd4 28. Bxd4 cxd4 29. Re1 Qc6 30. f5 a5 31. Rxe8+ Rxe8 32. Rxa5 Qe4+ 33. Bc2 d3 34. Bd1 Qe1 35. Qf3 Qd2 0-1

[Event "Anti Cheating Blitz Cup"]
[Site "Chess.com INT"]
[Date "2020.05.20"]
[Round "9"]
[White "Basiev, Georgiy"]
[Black "Favitta, Amedeo"]
[Result "0-1"]
[WhiteElo "1448"]
[BlackElo "2073"]
[PlyCount "50"]
[EventDate "2020.05.20"]
[EventType "swiss (blitz)"]
[EventRounds "11"]
[EventCountry "USA"]
[SourceTitle "CBM 196 Extra"]
[Source "ChessBase"]
[SourceDate "2020.07.31"]
[SourceVersion "1"]
[SourceVersionDate "2020.07.31"]
[SourceQuality "1"]

1. d4 Nf6 2. Nf3 e6 3. c4 b6 4. Nc3 Bb4 5. e3 0-0 6. Bd2 d5 7. Bd3 dxc4 8. Bxc4 c5 9. 0-0 cxd4 10. Nxd4 Bb7 11. Be2 e5 12. Nc2 Be7 13. Ne1 e4 14. Nc2 Bd6 15. Nd4 a6 16. Rc1 Nbd7 17. h3 Ne5 18. Nf5 Bb8 19. Bg4 g6 20. Nd4 Qd6 21. g3 h5 22. Be2 h4 23. g4 Nf3+ 24. Nxf3 exf3 25. Bxf3 Qh2# 0-1

[Event "Anti Cheating Blitz Cup"]
[Site "Chess.com INT"]
[Date "2020.05.20"]
[Round "11"]
[White "Favitta, Amedeo"]
[Black "Gorgoglione, Enrico"]
[Result "1-0"]
[WhiteElo "2073"]
[BlackElo "2010"]
[PlyCount "89"]
[EventDate "2020.05.20"]
[EventType "swiss (blitz)"]
[EventRounds "11"]
[EventCountry "USA"]
[SourceTitle "CBM 196 Extra"]
[Source "ChessBase"]
[SourceDate "2020.07.31"]
[SourceVersion "1"]
[SourceVersionDate "2020.07.31"]
[SourceQuality "1"]

1. d4 c5 2. d5 d6 3. c4 e5 4. Nc3 g6 5. e4 Bg7 6. g4 h6 7. Be3 Ne7 8. h4 0-0 9. Qd2 Kh7 10. f3 Na6 11. Nge2 Nc7 12. Ng3 Bd7 13. Bd3 a6 14. a4 Rb8 15. h5 g5 16. Nf5 Bxf5 17. exf5 f6 18. Ne4 Qd7 19. Bxg5 hxg5 20. Nxg5+ fxg5 21. f6+ Kh8 22. fxg7+ Kxg7 23. Qxg5+ Kf7 24. h6 Rg8 25. Qh5+ Kf6 26. h7 Rh8 27. g5+ Kg7 28. Qh6+ Kf7 29. g6+ Nxg6 30. Qxg6+ Ke7 31. Qg7+ Kd8 32. Qxh8+ Ne8 33. Qf8 e4 34. Bxe4 Qc7 35. h8Q Qa5+ 36. Kd1 Kc7 37. Qe7+ Kb6 38. Qhxe8 Rxe8 39. Qxe8 Qb4 40. Qd8+ Ka7 41. Kc1 Qxc4+ 42. Bc2 Qf4+ 43. Kb1 Qxf3 44. Rh8 Qxd5 45. a5 1-0

[Event "Anti Cheating Blitz Cup"]
[Site "Chess.com INT"]
[Date "2020.05.20"]
[Round "6"]
[White "Favitta, Amedeo"]
[Black "Masera, Lorenzo"]
[Result "1-0"]
[WhiteElo "2073"]
[BlackElo "1761"]
[PlyCount "45"]
[EventDate "2020.05.20"]
[EventType "swiss (blitz)"]
[EventRounds "11"]
[EventCountry "USA"]
[SourceTitle "CBM 196 Extra"]
[Source "ChessBase"]
[SourceDate "2020.07.31"]
[SourceVersion "1"]
[SourceVersionDate "2020.07.31"]
[SourceQuality "1"]

1. d4 d5 2. c4 c6 3. Nc3 e6 4. e3 f5 5. g4 fxg4 6. Qxg4 Nf6 7. Qg2 Qe7 8. Bd2 Qf7 9. Bd3 Nbd7 10. Nf3 Bd6 11. Rg1 g6 12. Ng5 Qe7 13. 0-0-0 b6 14. f4 Bb7 15. Qh3 Nf8 16. cxd5 cxd5 17. Bb5+ Kd8 18. Kb1 a6 19. Bd3 a5 20. Nb5 h6 21. Nxd6 hxg5 22. Qxh8 Qxd6 23. Qxf6+ 1-0

[Event "Etna op 2nd"]
[Site "Nicolosi"]
[Date "2015.12.08"]
[Round "7"]
[White "Favitta, Amedeo"]
[Black "Fabiano, Giuseppe"]
[Result "0-1"]
[WhiteElo "1950"]
[BlackElo "2032"]
[PlyCount "61"]
[EventDate "2015.12.04"]
[EventType "swiss"]
[EventRounds "7"]
[EventCountry "ITA"]
[SourceTitle "CBM 170 Extra"]
[Source "ChessBase"]
[SourceDate "2016.02.25"]
[SourceVersion "1"]
[SourceVersionDate "2016.02.25"]
[SourceQuality "1"]

1. d4 Nf6 2. c4 g6 3. f3 d6 4. e4 e5 5. Be3 exd4 6. Bxd4 Nc6 7. Bc3 Bg7 8. Ne2 0-0 9. Nf4 Re8 10. Be2 Bh6 11. Nd5 Ne5 12. Bd4 Nh5 13. 0-0 c6 14. f4 cxd5 15. fxe5 dxe5 16. Bf2 Nf4 17. cxd5 Qg5 18. Bg3 Qd8 19. Be1 Qd6 20. Bf2 Bd7 21. Nc3 a6 22. a4 Rac8 23. Qb3 Rxc3 24. bxc3 Nxe2+ 25. Kh1 Qc7 26. Be1 Rc8 27. d6 Qc4 28. Qxb7 Qc6 29. Rb1 Qxd6 30. Rb6 Qd1 31. Qxa6 0-1

[Event "Terre degli Elimi op 6th"]
[Site "Erice"]
[Date "2015.08.02"]
[Round "7"]
[White "Favaloro, Andrea"]
[Black "Favitta, Amedeo"]
[Result "1-0"]
[WhiteElo "2116"]
[BlackElo "1852"]
[PlyCount "111"]
[EventDate "2015.07.28"]
[EventType "swiss"]
[EventRounds "9"]
[EventCountry "ITA"]
[SourceTitle "EXT 2017"]
[Source "ChessBase"]
[SourceDate "2016.10.25"]
[SourceVersion "1"]
[SourceVersionDate "2016.10.25"]
[SourceQuality "1"]

1. b3 d5 2. Bb2 Bg4 3. h3 Bh5 4. g4 Bg6 5. Bg2 e6 6. Nf3 Nc6 7. d3 Nf6 8. Nbd2 Bd6 9. e3 Qe7 10. a3 Rd8 11. Qe2 e5 12. Nh4 Qe6 13. Nxg6 hxg6 14. c4 Ne7 15. g5 Nd7 16. h4 f6 17. h5 fxg5 18. cxd5 Nxd5 19. hxg6 Rxh1+ 20. Bxh1 Ne7 21. Qh5 Nc5 22. Be4 Nxb3 23. Rd1 Nc5 24. Qh8+ Kd7 25. Qxg7 Rg8 26. Qf7 Kc8 27. Qxe6+ Nxe6 28. Nc4 Nxg6 29. Bxg6 Rxg6 30. Nxe5 Rh6 31. Ke2 Rh7 32. Rg1 Be7 33. Kf3 c6 34. Ke4 Rh2 35. Ng4 Rh4 36. Kf5 Nc5 37. Bf6 Bxf6 38. Kxf6 Nxd3 39. Kxg5 Rh8 40. Rg2 Ne1 41. Rg3 c5 42. e4 Kd7 43. Ne5+ Ke6 44. Ng6 Rd8 45. f4 Rd2 46. f5+ Kf7 47. e5 Rf2 48. e6+ Ke8 49. f6 Nf3+ 50. Kh6 Ne5 51. Kg7 Nxg6 52. Kxg6 c4 53. Rh3 Rg2+ 54. Kf5 Rf2+ 55. Ke5 Re2+ 56. Kd6 1-0

[Event "Terre degli Elimi op 6th"]
[Site "Erice"]
[Date "2015.08.01"]
[Round "6"]
[White "Favitta, Amedeo"]
[Black "Bifulco, Michel"]
[Result "0-1"]
[WhiteElo "1852"]
[BlackElo "2175"]
[PlyCount "100"]
[EventDate "2015.07.28"]
[EventType "swiss"]
[EventRounds "9"]
[EventCountry "ITA"]
[SourceTitle "EXT 2017"]
[Source "ChessBase"]
[SourceDate "2016.10.25"]
[SourceVersion "1"]
[SourceVersionDate "2016.10.25"]
[SourceQuality "1"]

1. d4 d5 2. c4 e6 3. Nc3 c5 4. cxd5 exd5 5. Nf3 Nc6 6. Bf4 Nf6 7. e3 c4 8. e4 Nxe4 9. Nxe4 dxe4 10. Nd2 Bb4 11. Bxc4 Qxd4 12. Qe2 0-0 13. 0-0 Bxd2 14. Bxd2 Ne5 15. Bb3 Nf3+ 16. gxf3 exf3 17. Qxf3 Qxd2 18. Rad1 Qg5+ 19. Qg3 Qf6 20. Rd2 Be6 21. Rfd1 Rad8 22. Rxd8 Rxd8 23. Rxd8+ Qxd8 24. Bxe6 fxe6 25. Qe3 Qd1+ 26. Kg2 Qd5+ 27. Qf3 Qxf3+ 28. Kxf3 Kf7 29. b4 e5 30. b5 a6 31. b6 Ke6 32. Ke4 a5 33. h4 Kd6 34. h5 Ke6 35. f3 Kd6 36. Ke3 Kd5 37. Kd3 a4 38. Ke3 a3 39. Kd3 Kd6 40. Ke3 Ke7 41. Kd3 g6 42. h6 Kf6 43. Kc4 e4 44. fxe4 Ke5 45. Kd3 g5 46. Ke3 g4 47. Kf2 Kxe4 48. Kg2 Kf5 49. Kg3 Kg5 50. Kg2 Kxh6 0-1

[Event "Terre degli Elimi op 6th"]
[Site "Erice"]
[Date "2015.07.28"]
[Round "1"]
[White "Gueci, Tea"]
[Black "Favitta, Amedeo"]
[Result "1/2-1/2"]
[WhiteElo "2136"]
[BlackElo "1852"]
[PlyCount "83"]
[EventDate "2015.07.28"]
[EventType "swiss"]
[EventRounds "9"]
[EventCountry "ITA"]
[SourceTitle "EXT 2017"]
[Source "ChessBase"]
[SourceDate "2016.10.25"]
[SourceVersion "1"]
[SourceVersionDate "2016.10.25"]
[SourceQuality "1"]

1. e4 e6 2. d4 d5 3. Nd2 dxe4 4. Nxe4 Bd7 5. Bd3 Bc6 6. Ne2 Nd7 7. 0-0 Ngf6 8. Nxf6+ Qxf6 9. c4 0-0-0 10. Rb1 Bd6 11. c5 Bxc5 12. b4 Bxd4 13. b5 Bxg2 14. Kxg2 Nc5 15. Qc2 Nxd3 16. Qxd3 Rd5 17. Qc2 Qg6+ 18. Qxg6 hxg6 19. Nxd4 Rxd4 20. Bb2 Rdh4 21. Bxg7 Rxh2+ 22. Kf3 R8h5 23. Rb2 R2h3+ 24. Ke2 Rd5 25. Rc1 Rhh5 26. Rbc2 Rd7 27. Rc5 Rxc5 28. Rxc5 Rd5 29. Rxd5 exd5 30. Kd3 Kd7 31. Kd4 Ke6 32. Be5 c5+ 33. bxc6 bxc6 34. Bb8 a6 35. a4 g5 36. a5 f5 37. Ba7 Kd6 38. Bc5+ Ke6 39. Ba3 f4 40. Bc1 Kd6 41. Ba3+ Ke6 42. Bc1 1/2-1/2

[Event "Nicolosi Etna op 1st"]
[Site "Nicolosi"]
[Date "2014.12.06"]
[Round "3"]
[White "Favitta, Amedeo"]
[Black "Baiocchi, Emanuele"]
[Result "0-1"]
[WhiteElo "1789"]
[BlackElo "1947"]
[PlyCount "86"]
[EventDate "2014.12.05"]
[EventType "swiss"]
[EventRounds "7"]
[EventCountry "ITA"]
[SourceTitle "CBM 163 Extra"]
[Source "ChessBase"]
[SourceDate "2014.12.23"]
[SourceVersion "1"]
[SourceVersionDate "2014.12.23"]
[SourceQuality "1"]

1. d4 d5 2. c4 c6 3. Nc3 e6 4. e4 dxe4 5. Nxe4 Be7 6. Nf3 Nf6 7. Nxf6+ Bxf6 8. Be3 0-0 9. Bd3 Nd7 10. 0-0 Re8 11. Qc2 h6 12. Rad1 Qc7 13. Qd2 e5 14. Bxh6 gxh6 15. Qxh6 Bg7 16. Qh7+ Kf8 17. dxe5 Nxe5 18. Nxe5 Rxe5 19. f4 Re6 20. b3 Qa5 21. Qh4 Rh6 22. Qg3 Rf6 23. Bb1 Qb6+ 24. Kh1 Bf5 25. Bxf5 Rxf5 26. Qg4 Rf6 27. Rd7 Re8 28. f5 Qf2 29. Qd1 Qe2 30. Qxe2 Rxe2 31. h3 Rxa2 32. Rxb7 Rd6 33. Rb8+ Ke7 34. f6+ Bxf6 35. Re1+ Re6 36. Rxe6+ Kxe6 37. g4 Be5 38. Re8+ Kd6 39. Kg1 Rb2 40. Rb8 Bd4+ 41. Kh1 Ke5 42. Rb7 Kf4 43. Rxf7+ Kg3 0-1

[Event "Nicolosi Etna op 1st"]
[Site "Nicolosi"]
[Date "2014.12.05"]
[Round "1"]
[White "Favitta, Amedeo"]
[Black "Sardo, Gabriele"]
[Result "0-1"]
[WhiteElo "1789"]
[BlackElo "2211"]
[PlyCount "60"]
[EventDate "2014.12.05"]
[EventType "swiss"]
[EventRounds "7"]
[EventCountry "ITA"]
[SourceTitle "CBM 163 Extra"]
[Source "ChessBase"]
[SourceDate "2014.12.23"]
[SourceVersion "1"]
[SourceVersionDate "2014.12.23"]
[SourceQuality "1"]

1. d4 Nf6 2. c4 e6 3. Nc3 Bb4 4. Qc2 0-0 5. a3 Bxc3+ 6. Qxc3 d6 7. Bg5 h6 8. Bh4 Nbd7 9. f3 Re8 10. e3 e5 11. dxe5 dxe5 12. 0-0-0 Qe7 13. Bf2 a5 14. Bd3 Nc5 15. Bc2 c6 16. Ne2 b5 17. cxb5 cxb5 18. e4 Nb7 19. a4 b4 20. Qd3 Nd7 21. Qd5 Ra6 22. Kb1 Ndc5 23. Bxc5 Nxc5 24. Ng3 b3 25. Bd3 Be6 26. Qxe5 Nxd3 27. Qb5 Nb4 28. Rd4 Raa8 29. Rhd1 Rec8 30. f4 Qc7 0-1